The old breed of marine : a World War II diary /

Bibliographic Details
Main Author: Felber, Abraham, 1906-
Other Authors: Felber, Franklin S., 1950-, Bartsch, William H., 1933-
Format: Book
Language:English
Published: Jefferson, N.C. : McFarland & Company, [2003]
Subjects:

MARC

Tag First Indicator Second Indicator Subfields
LEADER 00000cam a2200000 a 4500
001 in00001718021
005 20151024194619.0
008 020813s2003 ncua b 001 0aeng
010 |a  2002011904 
020 |a 0786414103 (softcover : alk. paper) 
035 |a (OCoLC)ocm50424182 
040 |a DLC  |c DLC  |d UtOrBLW 
043 |a n-us---  |a pobp--- 
049 |a TXAM 
050 0 0 |a D767.98  |b .F45 2003 
082 0 0 |a 940.54/8173  |a B  |2 21 
100 1 |a Felber, Abraham,  |d 1906- 
245 1 4 |a The old breed of marine :  |b a World War II diary /  |c Abraham Felber, with Franklin S. Felber and William H. Bartsch. 
264 1 |a Jefferson, N.C. :  |b McFarland & Company,  |c [2003] 
264 4 |c ©2003 
300 |a v, 257 pages :  |b illustrations ;  |c 23 cm. 
336 |a text  |b txt  |2 rdacontent 
337 |a unmediated  |b n  |2 rdamedia 
338 |a volume  |b nc  |2 rdacarrier 
504 |a Includes bibliographical references (pages 239-241) and indexes. 
505 0 |a Preparing for war : January 7, 1941-August 6, 1942 -- Guadalcanal : August 7, 1942-December 15, 1942 -- Australia and Cape Gloucester : December 16, 1942-February 7, 1944 -- Return and rebuilding : June 2, 1944-December 31, 1945. 
600 1 0 |a Felber, Abraham,  |d 1906-  |x Diaries. 
610 1 0 |a United States.  |b Marine Corps  |v Biography. 
650 0 |a World War, 1939-1945  |v Personal narratives, American. 
650 0 |a World War, 1939-1945  |x Campaigns  |z Solomon Islands  |z Guadalcanal. 
650 0 |a Marines  |z United States  |x Diaries. 
700 1 |a Felber, Franklin S.,  |d 1950- 
700 1 |a Bartsch, William H.,  |d 1933- 
945 |i PromptCat 
948 |a cataloged  |b h  |c 2003/1/30  |d c  |e dmitchel  |f 2:24:12 pm 
994 |a 92  |b TXA 
999 |a MARS 
999 f f |s 9b998b8b-39cb-3e3b-83a2-140824d84c59  |i c66df485-51a7-3f7c-902b-fe936a527c5e  |t 0 
952 f f |p normal  |a Texas A&M University  |b College Station  |c Sterling C. Evans Library  |d Evans: Library Stacks  |t 0  |e D767.98 .F45 2003  |h Library of Congress classification  |i unmediated -- volume  |m A14829774267 
998 f f |a D767.98 .F45 2003  |t 0  |l Evans: Library Stacks